Corporate real estate matters (Record no. 109671)

MARC details
000 -LEADER
fixed length control field 00987cad a22002175a 4500
001 - CONTROL NUMBER
control field E147644
008 - FIXED-LENGTH DATA ELEMENTS--GENERAL INFORMATION
fixed length control field 090601s2009 xxkd f 000 0 eng d
035 ## - SYSTEM CONTROL NUMBER
System control number (Sirsi) u147644
041 0# - LANGUAGE CODE
Language code of text/sound track or separate title eng
050 04 - LIBRARY OF CONGRESS CALL NUMBER
Classification number 333.33 $2 18
110 2# - MAIN ENTRY--CORPORATE NAME
Corporate name or jurisdiction name as entry element Lambert Smith Hampton
9 (RLIN) 2865
245 00 - TITLE STATEMENT
Title Corporate real estate matters
Medium [electronic resource]
260 ## - PUBLICATION, DISTRIBUTION, ETC.
Place of publication, distribution, etc. London
Name of publisher, distributor, etc. LSH
Date of publication, distribution, etc. 2009
520 ## - SUMMARY, ETC.
Summary, etc. Presents the results of a survey into how businesses are dealing with the credit crunch. Suggests that short leases are becoming more popular, as they offer increased flexibility, and that occupiers are looking at buildings to see how they can improve productivity, for example by good workplace design and open-plan working. Tables.
521 2# - TARGET AUDIENCE NOTE
Target audience note Advanced
590 ## - LOCAL NOTE (RLIN)
Local note KA
651 #4 - SUBJECT ADDED ENTRY--GEOGRAPHIC NAME
Geographic name United Kingdom
Chronological subdivision
690 ## - LOCAL SUBJECT ADDED ENTRY--TOPICAL TERM (OCLC, RLIN)
Topical term or geographic name as entry element PROPERTY-COMMERCIAL PROPERTY-COMMERCIAL PROPERTY MARKET
856 40 - ELECTRONIC LOCATION AND ACCESS
Uniform Resource Identifier <a href="https://www.lsh.co.uk/pages/research_list.asp">https://www.lsh.co.uk/pages/research_list.asp</a>
Public note View the item free of charge at www.lsh.co.uk...
942 ## - ADDED ENTRY ELEMENTS (KOHA)
Suppress in OPAC 0
Holdings
Withdrawn status Lost status Source of classification or shelving scheme Damaged status Not for loan Home library Current library Shelving location Date acquired Total Checkouts Full call number Barcode Date last seen Copy number Price effective from Koha item type
    Dewey Decimal Classification     Virtual Virtual Online 01/06/2009   ONLINE PUBLICATION 147644-2001 06/08/2019 1 06/08/2019 Book